| 000 | 01222cam a22003494i 4500 | ||
|---|---|---|---|
| 001 | 17660673 | ||
| 003 | EG-ScBUE | ||
| 005 | 20220810092518.0 | ||
| 008 | 130315t2014 nyua f 001 0 eng d | ||
| 020 | _a0132760614 | ||
| 020 | _a9780132760614 | ||
| 040 |
_aDLC _beng _erda _cDLC _dDLC _dEG-ScBUE |
||
| 082 | 0 | 4 |
_a428.64 _bCOH _222 |
| 100 | 1 |
_aCohen, Robert F., _d1946- _eauthor. _914480 |
|
| 245 | 1 | 0 |
_aLongman academic reading series. _n4, _bReading skills for college / _cRobert F. Cohen, Judy L. Miller. |
| 246 | 3 | 0 | _aReading skills for college |
| 264 | 1 |
_aWhite Plains, NY : _bPearson Education, _c[2014] |
|
| 264 | 4 | _cc2014 | |
| 300 |
_axxvi, 287 pages : _bcolor illustrations ; _c28 cm |
||
| 336 |
_2rdacontent _atext _btxt |
||
| 337 |
_2rdamedia _aunmediated _bn |
||
| 338 |
_2rdacarrier _avolume _bnc |
||
| 500 | _aIncludes index. | ||
| 650 | 7 |
_aEnglish language _vTextbooks for foreign speakers. _2BUEsh _943 |
|
| 650 | 7 |
_aReading Comprehension _vProblems, exercises, etc. _2BUEsh _92827 |
|
| 650 | 7 |
_aCollege readers. _2BUEsh _91110 |
|
| 651 | _2BUEsh | ||
| 653 |
_cJune2014 _bHHUUEENN |
||
| 655 |
_vReading book _934232 |
||
| 700 | 1 |
_935992 _aMiller, Judy L., _d1947- _eauthor. |
|
| 942 |
_2ddc _k428.64 COH _cBB |
||
| 999 |
_c18292 _d18264 |
||